000 00714nam a22002055i 4500
001 158061
003 ES-MaACL
005 20230906211000.0
008 020918s1893 sp |||| | spa d
040 _aCCPB | B
_bspa
_cCCPB | B
100 1 _aLópez Romeu, Miguel.
_9222902
245 1 0 _aIndicaciones de la litotricia /
_cpor Miguel López Romeu.
260 _aValencia :
_b[s.n.],
_c1893 (
_fimp. de A. Cortés)
300 _a36 p. ;
_c24 cm.
594 1 _aPrecede al tít.: "Tesis del doctorado"
650 4 _aLitotricia.
_9136443
650 4 _aCálculos biliares.
_9135860
852 _aES-MaACL
_jT-743-F-4
_z-- Enc. hol. conservando la cub. original
_z-- Enc. en un vol. facticio
999 _c158061
_d158061